Mandátna zmluva

Mandátna zmluva - úprava právna. Povinnosti mandatára a mandanta. Ukončenie mandátnej zmluvy. Použitie ustanovení o mandátnej zmluve.

Guardado en:
Detalles Bibliográficos
Autor principal: Kajba, Jakub
Formato: Capítulo de libro
Lenguaje:eslovaco
Materias:
Etiquetas: Agregar Etiqueta
Sin Etiquetas, Sea el primero en etiquetar este registro!

MARC

LEADER 00000naa a2200000 4500
001 0157049
005 20231120102733.9
041 0 |a slo 
044 |a SK 
245 1 0 |a Mandátna zmluva  |c Jakub Kajba 
520 |a Mandátna zmluva - úprava právna. Povinnosti mandatára a mandanta. Ukončenie mandátnej zmluvy. Použitie ustanovení o mandátnej zmluve. 
610 2 0 |a vzťahy obchodné 
610 2 0 |a vzťahy obchodné záväzkové 
610 2 0 |a zmluvy 
610 2 0 |a úpravy právne 
100 1 |a Kajba, Jakub